| 000 | 00698nam a2200253Ia 4500 | ||
|---|---|---|---|
| 003 | AR-RoIUNI | ||
| 005 | 20181214134112.0 | ||
| 008 | 150616s9999 xx 000 0 und d | ||
| 020 | _a9789871172184 | ||
| 040 | _cIUNIR | ||
| 040 |
_dOCLC _cIUNIR |
||
| 080 | _a378 FER | ||
| 100 | 1 |
_aFernández Lamarra, Norberto _9491 |
|
| 245 | 1 |
_aEducación Superior y Calidad en América Latina y Argentina _bLos procesos de evaluación y acreditación |
|
| 250 | _a1a. ed. | ||
| 260 | _aCaseros | ||
| 260 | _bUniversidad Nacional de Tres de Febrero | ||
| 260 | _c2007 | ||
| 300 | _a200 p. | ||
| 300 | _c25 cm. | ||
| 650 | 1 | 0 |
_9489 _aEducación Superior |
| 651 | 1 | 0 |
_9492 _aArgentina |
| 942 |
_cBK _2cdu |
||
| 999 |
_c304 _d304 |
||